| 000 | 00856nam a2200301 a 4500 | ||
|---|---|---|---|
| 001 | BS0000230 | ||
| 003 | BR-BrBNA | ||
| 005 | 20241202114733.0 | ||
| 008 | 230308b |||||||| |||| 00| 0 por d | ||
| 020 | _a85-286-0668-6 | ||
| 040 |
_aBR-BrBNA _bpor |
||
| 041 | _apor | ||
| 072 | _aS84 | ||
| 100 | 1 |
_aaut. _4Jacq, Christian. _d1947 |
|
| 100 | 1 |
_atrad. _4Alexandre, Maria D. |
|
| 245 | 1 | _aRamsés / | |
| 250 | 1 | _a26 ed. | |
| 260 | 3 |
_aRio de Janeiro - RJ : _bBertrand Brasil, _c2006. |
|
| 300 | _a392 p. | ||
| 520 | _aVolume 1 - Ramsés : O filho da luz; Volume 2 - Ramsés : O templo de milhões de anos | ||
| 650 | _aLITERATURA FRANCESA | ||
| 650 | _aROMANCE | ||
| 650 | _aFICÇÃO | ||
| 650 | _aEGITO | ||
| 909 |
_a112024 _bMaria Neves |
||
| 942 | _cBK | ||
| 999 |
_c328494 _d328494 |
||